书目信息 |
| 题名: |
医学信息检索
|
|
| 作者: | 徐云 , 张倩 主编 | |
| 分册: | ||
| 出版信息: | 武汉 华中科技大学出版社 2015.2 |
|
| 页数: | 232页 | |
| 开本: | 26cm | |
| 丛书名: | 21世纪普通高等学校信息素质教育系列规划教材 | |
| 单 册: | ||
| 中图分类: | G254.97 | |
| 科图分类: | ||
| 主题词: | 医学--yi xue--情报检索--高等学校--教材 | |
| 电子资源: | ||
| ISBN: | 978-7-5609-9604-2 | |
| 000 | 01203nam 2200301 450 | |
| 001 | 0100004822 | |
| 005 | 20150906163442.6 | |
| 010 | @a978-7-5609-9604-2@dCNY36.00 | |
| 100 | @a20150212d2015 em y0chiy0121 ea | |
| 101 | 0 | @achi |
| 102 | @aCN@b420000 | |
| 105 | @aak a 000yy | |
| 106 | @ar | |
| 200 | 1 | @a医学信息检索@Ayi xue xin xi jian suo@f主编徐云, 张倩 |
| 205 | @a第2版 | |
| 210 | @a武汉@c华中科技大学出版社@d2015.2 | |
| 215 | @a232页@c图@d26cm | |
| 225 | 2 | @a21世纪普通高等学校信息素质教育系列规划教材@A21shi ji pu tong gao deng xue xiao xin xi su zhi jiao yu xi lie gui hua jiao cai |
| 320 | @a有书目 (第232页) | |
| 330 | @a本书内容包括绪论、信息检索基础知识、现代图书馆利用、参考工具书、计算机检索原理、中外文信息资源的检索、特种文献信息检索、搜索引擎及网上检索工具、网络免费资源、课题综合利用及文献鉴别评价、医学文献写作等。 | |
| 333 | @a本书可作为医学院校教材, 也可供医药卫生工作者参阅 | |
| 410 | 0 | @12001 @a21世纪普通高等学校信息素质教育系列规划教材 |
| 606 | 0 | @a医学@Ayi xue@x情报检索@x高等学校@j教材 |
| 690 | @aG254.97@v5 | |
| 701 | 0 | @a徐云@Axu yun@4主编 |
| 701 | 0 | @a张倩@Azhang qian@4主编 |
| 801 | 0 | @aCN@c20160515 |
| 905 | @a河南城建学院图书馆@dG254.97@eX835=2 | |
| 医学信息检索/主编徐云, 张倩.-第2版.-武汉:华中科技大学出版社,2015.2 |
| 232页:图;26cm.-(21世纪普通高等学校信息素质教育系列规划教材) |
| 使用对象:本书可作为医学院校教材, 也可供医药卫生工作者参阅 |
| ISBN 978-7-5609-9604-2:CNY36.00 |
| 本书内容包括绪论、信息检索基础知识、现代图书馆利用、参考工具书、计算机检索原理、中外文信息资源的检索、特种文献信息检索、搜索引擎及网上检索工具、网络免费资源、课题综合利用及文献鉴别评价、医学文献写作等。 |
| ● |
| 相关链接 |
|
|
|
正题名:医学信息检索
索取号:G254.97/X835=2
 
预约/预借
| 序号 | 登录号 | 条形码 | 馆藏地/架位号 | 状态 | 备注 |
| 1 | 1253894 | 212538949 | 社科库409/409社科库 59排6列4层/ [索取号:G254.97/X835=2] | 在馆 | |
| 2 | 1253895 | 212538958 | 社科库409/409社科库 59排6列4层/ [索取号:G254.97/X835=2] | 在馆 | |
| 3 | 1253896 | 212538967 | 社科库409/409社科库 59排6列4层/ [索取号:G254.97/X835=2] | 在馆 |